000 00302nam a2200109Ia 4500
008 171211s9999 xx 000 0 und d
245 4 _aThe Syntactic Licensing of Ellipsis
245 _cLobke Aelbrecht
260 _c2010
650 _xCULTURE
856 _uhttp://down.ebook777.com/062/9789027255327.pdf
999 _c347848
_d347848